Normal view
MARC view
- Master of Science in Civil Engineering
Entry Topical Term
001 - CONTROL NUMBER
- control field: 48432
003 - CONTROL NUMBER IDENTIFIER
- control field: NUST
005 - DATE AND TIME OF LATEST TRANSACTION
- control field: 20210314134043.0
008 - FIXED-LENGTH DATA ELEMENTS
- fixed length control field: 210314|| aca||aabn | a|a d
040 ## - CATALOGING SOURCE
- Original cataloging agency: NUST
- Transcribing agency: NUST
150 ## - HEADING--TOPICAL TERM
- Topical term or geographic name entry element: Master of Science in Civil Engineering
670 ## - SOURCE DATA FOUND
- Source citation: Work cat.: (NUST): Nauman Afzal Afridi 48431, A Laboratory Study to Analyze the Stability and Flow Characteristics of Asphalt and Cement Treated Base Courses Using Different Aggregate Sources, 16-07-2000
